La caída de Númenor / (Record no. 66548)

MARC details
000 -LEADER
campo de control de longitud fija 01061nam a2200301 i 4500
001 - NÚMERO DE CONTROL
campo de control 66548
003 - IDENTIFICADOR DE NÚMERO DE CONTROL
campo de control ES-MaACL
005 - FECHA Y HORA DE LA ÚLTIMA TRANSACCIÓN
campo de control 20230906165713.0
007 - CAMPO FIJO DE DESCRIPCIÓN FÍSICA--INFORMACIÓN GENERAL
campo de control de longitud fija t|
008 - DATOS DE LONGITUD FIJA--INFORMACIÓN GENERAL
campo de control de longitud fija 000912s2000 sp ||||0| spa d
020 ## - NÚMERO INTERNACIONAL ESTÁNDAR DEL LIBRO
Número Internacional Estándar del Libro 84-450-7312-5
080 ## - NÚMERO DE LA CLASIFICACIÓN DECIMAL UNIVERSAL
Número de la Clasificación Decimal Universal 821.111-31"19"
100 1# - ENTRADA PRINCIPAL--NOMBRE DE PERSONA
Nombre de persona Tolkien, J. R. R.
9 (RLIN) 110463
245 13 - MENCIÓN DEL TÍTULO
Título La caída de Númenor /
Mención de responsabilidad, etc. J.R.R. Tolkien ; editado por Christopher Tolkien ; [traducción de Estela Gutiérrez Torres].
250 ## - MENCION DE EDICION
Mención de edición 1ª ed.
260 ## - PUBLICACIÓN, DISTRIBUCIÓN, ETC.
Lugar de publicación, distribución, etc. Barcelona :
Nombre del editor, distribuidor, etc. Minotauro,
Fecha de publicación, distribución, etc. 2000.
300 ## - DESCRIPCIÓN FÍSICA
Extensión 363 p. :
Otras características físicas il. ;
Dimensiones 24 cm.
490 1# - MENCIÓN DE SERIE
Mención de serie La historia de la Tierra media ;
Designación de volumen o secuencia 6
505 8# - NOTA DE CONTENIDO CON FORMATO
Nota de contenido con formato Contiene: Los papeles del Notion Club ; El hundimiento de Anadûnê
600 14 - PUNTO DE ACCESO ADICIONAL DE MATERIA--NOMBRE DE PERSONA
Nombre de persona Tolkien, J. R. R.-
Subdivisión general Crítica e interpretación.
9 (RLIN) 110466
700 1# - ENTRADA AGREGADA--NOMBRE PERSONAL
Nombre de persona Gutiérrez Torres, Estela.
9 (RLIN) 61230
700 1# - ENTRADA AGREGADA--NOMBRE PERSONAL
Nombre de persona Tolkien, Christopher.
9 (RLIN) 110462
740 42 - ENTRADA AGREGADA--TÍTULO RELACIONADO/ANALÍTICO NO CONTROLADO
Título relacionado o analítico no controlado Los papeles del Notion Club.
740 32 - ENTRADA AGREGADA--TÍTULO RELACIONADO/ANALÍTICO NO CONTROLADO
Título relacionado o analítico no controlado El hundimiento de Anadûnê.
830 1# - PUNTO DE ACCESO ADICIONAL DE SERIE-TÍTULO UNIFORME
Título uniforme La historia de la Tierra media ;
Designación de volumen o secuencia 6
9 (RLIN) 183019
852 4# - LOCALIZACIÓN
Ubicación ES-MaACL
Número de control de estantería L-27022
Holdings
Estatus retirado Estado de pérdida Estado de daño No para préstamo Biblioteca de origen Biblioteca actual Ubicación en estantería Fecha de adquisición Fuente de adquisición Total de préstamos Signatura topográfica completa Código de barras Visto por última vez Precio de reemplazo Tipo de ítem Koha
        Biblioteca del Ateneo de Madrid Biblioteca del Ateneo de Madrid Depósito 2 17/01/2008     L-27022 1069710 23/02/2023 23/02/2023 Libro impreso